Kathegalalli kanda gandhi: vyakti vyaktitva (Record no. 123490)
[ view plain ]
| 000 -LEADER | |
|---|---|
| fixed length control field | 00837nam a2200265Ia 4500 |
| 003 - CONTROL NUMBER IDENTIFIER | |
| control field | OSt |
| 005 - DATE AND TIME OF LATEST TRANSACTION | |
| control field | 20260216103806.0 |
| 008 - FIXED-LENGTH DATA ELEMENTS--GENERAL INFORMATION | |
| fixed length control field | 210210b2017 xxu||||| |||| 00| 0 eng d |
| 020 ## - INTERNATIONAL STANDARD BOOK NUMBER | |
| International Standard Book Number | 9386278944 |
| 040 ## - CATALOGING SOURCE | |
| Transcribing agency | AL |
| 041 ## - LANGUAGE CODE | |
| Language code of text/sound track or separate title | Kannada |
| 082 ## - DEWEY DECIMAL CLASSIFICATION NUMBER | |
| Classification number | K894.4 NAGK |
| 100 ## - MAIN ENTRY--PERSONAL NAME | |
| Personal name | NAGARAJARAV (M V) |
| Dates associated with a name | ನಾಗರಾಜರಾವ್ ಎಂ ವಿ |
| 9 (RLIN) | 255008 |
| 245 ## - TITLE STATEMENT | |
| Title | Kathegalalli kanda gandhi: vyakti vyaktitva |
| Remainder of title | ಕಥೆಗಳಲ್ಲಿ ಕಂಡ ಗಾಂಧಿ : ವ್ಯಕ್ತಿ ವ್ಯಕ್ತಿತ್ವ |
| 260 ## - PUBLICATION, DISTRIBUTION, ETC. | |
| Place of publication, distribution, etc. | Bengaluru |
| Name of publisher, distributor, etc. | Vasanta Prakashana |
| Date of publication, distribution, etc. | 2017 |
| 300 ## - PHYSICAL DESCRIPTION | |
| Extent | viii,152 |
| 650 ## - SUBJECT ADDED ENTRY--TOPICAL TERM | |
| Topical term or geographic name entry element | vyaktitva |
| 9 (RLIN) | 255009 |
| 650 ## - SUBJECT ADDED ENTRY--TOPICAL TERM | |
| Topical term or geographic name entry element | vyakti |
| 9 (RLIN) | 255010 |
| 650 ## - SUBJECT ADDED ENTRY--TOPICAL TERM | |
| Topical term or geographic name entry element | Kathegalalli |
| 9 (RLIN) | 255011 |
| 650 ## - SUBJECT ADDED ENTRY--TOPICAL TERM | |
| Topical term or geographic name entry element | kanda |
| 9 (RLIN) | 255012 |
| 650 ## - SUBJECT ADDED ENTRY--TOPICAL TERM | |
| Topical term or geographic name entry element | gandhi: |
| 9 (RLIN) | 255013 |
| 690 ## - LOCAL SUBJECT ADDED ENTRY--TOPICAL TERM (OCLC, RLIN) | |
| Topical term or geographic name as entry element | Kannada Prose |
| 9 (RLIN) | 255014 |
| 906 ## - LOCAL DATA ELEMENT F, LDF (RLIN) | |
| a | 073711 |
| 942 ## - ADDED ENTRY ELEMENTS (KOHA) | |
| Source of classification or shelving scheme | Dewey Decimal Classification |
| Koha item type | Book |
| Withdrawn status | Lost status | Source of classification or shelving scheme | Damaged status | Not for loan | Collection code | Home library | Current library | Shelving location | Date acquired | Source of acquisition | Cost, normal purchase price | Total Checkouts | Full call number | Barcode | Date last seen | Price effective from | Koha item type |
|---|---|---|---|---|---|---|---|---|---|---|---|---|---|---|---|---|---|
| Dewey Decimal Classification | Kannada | St Aloysius Library | St Aloysius Library | 02/17/2021 | Sapna Book House Pvt Ltd, K S Rao Road, Mangalore | 110.00 | K894.4 NAGK | 073711 | 02/17/2021 | 02/17/2021 | Book |